Примите этот дар..: стихотворения

Dades bibliogràfiques
Autor principal: Ахматова А. А. Анна Андреевна
Idioma:rus
Publicat: Москва, Летопись, 1995
Col·lecció:Мир поэзии
Matèries:
Format: MixedMaterials Llibre
KOHA link:https://koha.lib.tpu.ru/cgi-bin/koha/opac-detail.pl?biblionumber=1134

MARC

LEADER 00000nam0a2200000 4500
001 1134
005 20240507094107.0
010 |a 5887300035 
035 |a (RuTPU)RU\TPU\book\1138 
035 |a BOOK00001139 
090 |a 1134 
100 |a 20011209d1995 m y0rusy50 ca 
101 0 |a rus 
102 |a RU 
105 |a c z 000gy 
200 1 |a Примите этот дар..  |e стихотворения  |f А. А. Ахматова 
210 |a Москва  |c Летопись  |d 1995 
215 |a 492 с.  |c портр. 
225 1 |a Мир поэзии 
610 1 |a стихотворения 
675 |a Р2  |v 3 
700 1 |a Ахматова  |b А. А.  |c русская поэтесса  |c настоящая фамилия Горенко  |f 1889-1966  |g Анна Андреевна  |2 stltpui  |3 (RuTPU)RU\TPU\pers\1050  |9 469 
801 0 |a RU  |b 63413507  |c 20011209  |g PSBO 
801 2 |a RU  |b 63413507  |c 20140530  |g PSBO 
942 |c BK